Guía metodológica de educación familiar.

Guardado en:
Detalles Bibliográficos
Autor corporativo: Perú. Ministerio de Educación
Formato: Libro
Idioma:Español
Temas:
Etiquetas: Agrega una etiqueta
Sin etiquetas, Sé el primero en etiquetar este registro!

MARC

LEADER 00000nam^a2200000^u^4500
001 000510070
005 20250521000000.0
008 091127s1000^^^^^^^^^^^^r^^^^^000^0^spa^d
009 20260310130117.76
035 |a FCE 000054279 
037 |a Acervo ITESO - Biblioteca 
041 |a spa 
082 0 |a 301.42  |b P4g 
110 |a Perú. Ministerio de Educación 
245 1 0 |a Guía metodológica de educación familiar. 
264 |a Perú :  |b Ministerio de Educación,  |c [s.a.] 
336 |a texto  |b txt  |2 rdacontenido 
337 |a sin mediación  |b n  |2 rdamedio 
338 |a volumen  |b nc  |2 rdasoporte 
649 |a XX 
650 |a Educación Familiar 
650 |a Guía 
650 |a Currículo 
650 |a Metodología 
650 |a Sugerencias orientadoras 
910 |a Fondo Centro de Estudios Educativos 
920 |a Impresos - Libros 
930 |a Fondos Especiales 
905 |a 133 
901 |a ALE067631  |b IT2  |c CEE  |u 20250521 
902 |a https://opac.biblio.iteso.mx/vufind/Record/000510070